| 000 | 00423cam a2200169ua 4500 | ||
|---|---|---|---|
| 020 | _c9.00 | ||
| 041 |
_aeng _h |
||
| 082 |
_a530.1 _bKUM/TH |
||
| 100 | _aKompaneyets, A.S . | ||
| 245 |
_aTheoretical physics / _cA.S. Kompaneyets. _hTextual Documents |
||
| 260 |
_aMoscow : _bForeign Language Publishing House , _c1961. |
||
| 300 | _a592 ; . | ||
| 365 | _a9.00 | ||
| 504 | _a | ||
| 942 | _cBK | ||
| 999 |
_c7513 _d7513 |
||